000
00230nam a2200097Ia 4500
008
120527s9999 xx 000 0 und d
100
_a
ROYAL,et al
245
_a
Mediccal ethical standards
260
_b
Royal Tropical
942
_c
BK
999
_c
25730
_d
25730